[Event "Galatzi GP op"]
[Site "Galatzi"]
[Date "2007.05.08"]
[Round "1"]
[White "Cojocaru, Catalin"]
[Black "Cioara, Andrei Nestor"]
[Result "0-1"]
[WhiteElo "2220"]
[BlackElo "2426"]
[PlyCount "96"]
[EventDate "2007.05.08"]
[EventType "swiss"]
[EventRounds "9"]
[EventCountry "ROU"]
[SourceTitle "CBM 118 Extra"]
[Source "ChessBase"]
[SourceDate "2007.07.04"]
[SourceVersion "1"]
[SourceVersionDate "2007.07.04"]
[SourceQuality "1"]

1. e4 c6 2. d4 d5 3. exd5 cxd5 4. Bd3 Nc6 5. c3 Nf6 6. Bf4 Bg4 7. Nf3 e6 8. h3 Bh5 9. Nbd2 Be7 10. 0-0 0-0 11. Re1 a6 12. a4 Rc8 13. Nf1 Na5 14. Ng3 Bg6 15. Bxg6 hxg6 16. Ne5 Nd7 17. Nxd7 Qxd7 18. Nf1 Nc4 19. Re2 b5 20. Ne3 b4 21. Nxc4 Rxc4 22. cxb4 Rxb4 23. b3 Bd6 24. Bxd6 Qxd6 25. Qd3 Rfb8 26. Rb1 Qb6 27. Reb2 Rxd4 28. Qe3 Rb4 29. Qxb6 R8xb6 30. Kf1 Kf8 31. f3 Ke7 32. Ke2 Kd6 33. Kd3 e5 34. Kc3 f5 35. Kd3 e4+ 36. Ke3 Ke5 37. f4+ Kd6 38. g3 d4+ 39. Kd2 Kd5 40. Ke2 Rc6 41. Ke1 Rc3 42. Kf2 a5 43. h4 Rf3+ 44. Kg2 Re3 45. Kf2 Rc3 46. Kg2 d3 47. Kf1 e3 48. Ke1 Ke4 0-1